000 00636nam a2200205Ia 4500
003 GCL
008 140319s9999 xx 000 0 ara d
040 _aGCL /
_cGCL
082 0 4 _a952
_bى ت
100 1 _aتازاوا، يوتاكا
245 1 0 _aالتاريخ الثقافى لليابان : نظرة شاملة /
_cتازاوا، يوتاكا
700 1 _aمانسوبارا , سابورو
700 1 _aاوكودا , شونسوكى
700 1 _aناجاهات , ياسونواى
300 _a120 ص
490 _a
650 0 4 _aاليابان - تاريخ
650 0 4 _aاليابان - ثقافة
942 _2ddc
_cBK
999 _c46577
_d46577